000 00304nam a22001217a 4500
008 180802b xxu||||| |||| 00| 0 eng d
082 _a813.52
245 _aLWW's Visual atlas of medical assisting skills
_cBedford.D.J
260 _c2008
300 _a1
_fCD
440 _x9780781766678
942 _2ddc
_cMX
999 _c46733
_d46733